Game of Thrones Trivia (Series 1-3) - Statistics

General Stats
  • This quiz has been taken 4,215 times
  • The average score is 12 of 17
Answer Stats
Hint Answer % Correct
Which house is Theon from? Greyjoy
93%
Where is the Red Keep? Kings Landing
87%
What is the name of the half-giant that carries Bran? Hodor
85%
Who is Robert Baratheon's bastard son? Gendry
82%
How many direwolves were given to Stark children? Six
81%
What is The Hound's real name? Sandor Clegane
80%
How many new gods are there? Seven
78%
Who does Peter Dinklage play? Tyrion Lannister
77%
What does Valar Morghulis mean? All men must die
71%
What is Robb Stark's direwolf called? Grey Wind
69%
Who gave birth to the demon which killed Renly Baratheon? Melisandre
69%
Who had Robb Stark killed, under his own roof? Walder Frey
69%
How many of Robb Stark's men did Brienne kill while escorting Jaime Lannister to Kings Landing? Three
59%
What is the Tyrell motto? Growing Strong
56%
What is the unofficial Lannister house song? Rains of Castamere
50%
What is the Bolton sigil? A Flayed Man
33%
What is the name of man who helps Arya escape Harrenhal? Jaqen H'Ghar
17%
No matching quizzes found
Score Distribution
Percent of People with Each Score
Percentile by Number Answered
Your Score History
You have not taken this quiz